Pokémon - Les attaques de Iguolta - Statistiques

Statistiques générales
  • Ce quiz a été pris 13 fois
  • Le résultat moyen est 11 sur 15
Statistiques - réponses
Niveaux Types Noms des attaques % Correct
Départ Électrique Cage Éclair
100%
Départ Électrique Parabocharge
100%
Départ Électrique Tonnerre
100%
Départ Électrique Chargeur
83%
Départ Sol Coud'Boue
83%
Départ Électrique Coup d'Jus
83%
Départ Électrique Éclair
83%
Départ Électrique Électrisation
83%
Départ Électrique Fatal-Foudre
83%
Départ Électrique Ondes Étranges
83%
Départ Électrique Change Éclair
50%
Départ Sol Piétisol
50%
Départ Normal Vive-Attaque
50%
Départ Normal Écras'Face
33%
Départ Normal Mimi-Queue
17%
Aucun quiz correspondant
Distribution des résultats
% des personnes avec chaque résultat
Percentile par nombre de réponses
Votre historique - résultats
Vous n’avez pas pris ce quiz